000 00487nam a2200181Ia 4500
005 20250326141026.0
008 250326s9999 xx 000 0 und d
037 _aTextbook
040 _aFMSL
_beng
_cFMSL
041 _aeng
_2eng
084 _aX:86 M1
_qFMSL
100 _aHarrison F L
_9130314
245 0 _aAdvanced project management
_cHarrison F L
260 _aEngland
_bEngland, Gower
_c1981
300 _a317p
942 _cTB
_hX:86 M1
999 _c1288353
_d1288353